Invertebrates Zoology. (Record no. 4007)

MARC details
000 -LEADER
fixed length control field 00536nam a22002057a 4500
003 - CONTROL NUMBER IDENTIFIER
control field OSt
005 - DATE AND TIME OF LATEST TRANSACTION
control field 20160513133754.0
008 - FIXED-LENGTH DATA ELEMENTS--GENERAL INFORMATION
fixed length control field 160513b xxu||||| |||| 00| 0 eng d
020 ## - INTERNATIONAL STANDARD BOOK NUMBER
International Standard Book Number 0195049004
040 ## - CATALOGING SOURCE
Transcribing agency DDC.
082 ## - DEWEY DECIMAL CLASSIFICATION NUMBER
Classification number 592MEG 1991.
100 ## - MAIN ENTRY--PERSONAL NAME
Personal name Meglitsch,Paul.A;Schram ,P.Frederick;
9 (RLIN) 8747
245 ## - TITLE STATEMENT
Title Invertebrates Zoology.
250 ## - EDITION STATEMENT
Edition statement 3rd ed.
260 ## - PUBLICATION, DISTRIBUTION, ETC. (IMPRINT)
Place of publication, distribution, etc. New York.
Name of publisher, distributor, etc. Oxford University Press.
Date of publication, distribution, etc. 1991.
300 ## - PHYSICAL DESCRIPTION
Extent 623p;
Other physical details ill;
Dimensions 27cm.
504 ## - BIBLIOGRAPHY, ETC. NOTE
Bibliography, etc includes index.
650 ## - SUBJECT ADDED ENTRY--TOPICAL TERM
Topical term or geographic name as entry element biology.
9 (RLIN) 5602
942 ## - ADDED ENTRY ELEMENTS (KOHA)
Source of classification or shelving scheme Dewey Decimal Classification
Koha item type Short Loan
Holdings
Withdrawn status Lost status Source of classification or shelving scheme Damaged status Not for loan Home library Current library Date acquired Source of acquisition Inventory number Total Checkouts Full call number Barcode Date last seen Price effective from Koha item type Date last checked out
    Dewey Decimal Classification     MUST Main Library MUST Main Library 13/05/2016   05/23713   592MEG 1991. 2016-1833 13/05/2016 13/05/2016 Short Loan  
    Dewey Decimal Classification     MUST Main Library MUST Main Library 13/05/2016   05/23714   592MEG 1991. 2016-1837 13/05/2016 13/05/2016 Short Loan  
    Dewey Decimal Classification     MUST Main Library MUST Main Library 30/08/2018   05/23712 1 592MEG 1991. 2018-0303 31/05/2021 30/08/2018 Open Shelf 10/04/2021